000 01338aam a2200289 i 4500
999 _c45155
_d45155
001 18745
003 CO-MdBIC
005 20240531062739.0
008 190527t1960 -us |||| |||| 00| 0 eng d
020 _a[No incluye ISBN]
040 _aCO-MdFUSB
_bspa
_cCO-MdFUSB
_dCO-MdFUSBC
_erda
041 _aeng
082 0 4 _a23
_2238.152
_bSL634
100 _aSloan, Harold Paul,
_eautor
245 1 0 _aChristian choice in basic truth : an interpretation of the Apostles' Creed.
_c/ Harold Paul Sloan
250 _aEdición revisada.
264 1 _aButler, Indiana :
_bHigley Press,
_c[1959]
300 _a156 páginas
_c; 23 cm
336 _atexto
_btxt
_2rdacontent
337 _2rdamedia
_asin mediación
_bn
338 _2rdacarrier
_avolumen
_bnc
505 0 _aLa elección cristiana en la verdad básica. -- Creo en Dios Padre Todopoderoso. -- Jesús, su único Hijo, nuestro Señor. -- Concebido del Espíritu Santo, Nacido de la Virgen María. -- Concebido del Espíritu Santo, Nacido de la Virgen María (continuación). -- Crucificado, muerto y enterrado. -- Al tercer día resucitó de entre los muertos. -- El Espíritu Santo. -- La santa iglesia católica. -- El perdón de los pecados. -- La resurrección del cuerpo y la vida eterna.
563 _aRústico
650 7 _aCristianismo
_2
_922
942 _cBK
945 _aJTF925